000 00971cam a2200265 a 4500
003 PILC
005 20150303154126.0
008 070816s2008 mauab b 001 0 eng
020 _a0073404981
050 0 0 _aHD 30.28
_b.D48 2012
100 1 _aDess, Gregory G.
245 1 0 _aStrategic management :
_btext and cases /
_cGregory G. Dess, G.T. Lumpkin, Alan B. Eisner.
250 _bGlobal ed.
260 _aBoston, Mass :
_bMcGraw-Hill/Irwin,
_cc2012.
300 _a1 v. (various pagings) :
_billustrations ;
_c25 cm.
500 _aSupplement title: Strategy and policy.
521 _aBusiness Administration
650 0 _aStrategic planning.
700 1 _aLumpkin, G. T.
700 1 _aEisner, Alan B.
740 _aStrategy and policy.
856 4 1 _3Table of contents only
_uhttp://www.loc.gov/catdir/enhancements/fy0743/2007034045-t.html
856 4 2 _3Publisher description
_uhttp://www.loc.gov/catdir/enhancements/fy0743/2007034045-d.html
942 _2lcc
_cBK
999 _c283703
_d283703